00746nam a2200265 a 4500001001300000003000900013005001700022008004100039020002300080082001800103100001700121245004900138260003800187300000900225500003500234505001000269650001900279650001900298650001700317700001700334902000800351942000700359952009900366999001500465nice12345678IN_TiNIC20260116013113.0050524s1977 oxfa grp 000 0 eng  a0631809 c10000a262.0017bBAK aBaker, Derek aRenaissance and Renewal in Christian History aOxfordbBlackwell Pub. Ltd c1977 a428p aincludes index and biblioraphy2 aIndex aChurch-History aChurch-Renewal aChristianity1 aBaker, Derek bSRS cBK 00104070aHMIbHMId2007-07-11g100.00l0o262.0017 BAKp015024r2007-07-11w2026-01-16yEB c9665d9665